000 00363cam a2200145ua 4500
041 _aeng
_h
082 _a828.08355
_bHUE/BE
100 _aHueley, Aldous .
245 _aBeyond the Mexigue bay /
_cAldous Hueley.
_hTextual Documents
260 _aLondon :
_bChatto and Windus ,
_c1950.
300 _a320 ; .
504 _a
942 _cBK
999 _c11552
_d11552